000 00871nam a2200241Ia 4500
003 OSt
005 20220918105510.0
006 a|||||r|||| 00| 0
007 ta
008 220915b |||||||| |||| 00| 0 hin d
024 _a208121
037 _cReference Collections
040 _aARTS
_cARTS
_bhin
041 _2hin
_ahin
082 _aP152:4k, 155J1(RR)
100 _aवर्मा, कृष्णलाल
_91722
245 0 _aराष्ट््रभाषा हिंदी मराठी कोश
246 _aRāṣhṭrabhāṣhā hiandī marāṭhī kosha
260 _c1962
700 _a पैणकर, राहामानबाई
_91723
942 _hP152:4k, 155J1(RR)
_cREF
999 _c107613
_d107613